000
00319nam a2200121Ia 4500
005
20251222141840.0
008
251222s9999||||xx |||||||||||||| ||spa||
082
_a
332.642.85/G44
100
_a
Giesecke Sara-Lafosse, Margarita
245
0
_a
Bolsa de Valores de Lima:
264
_b
Bolsa de Valores de Lima
942
_c
LIB
999
_c
7386
_d
7386